000 00593nam a2200217Ia 4500
003 OSt
005 20220928140155.0
006 a|||||r|||| 00| 0
007 ta
008 220927b |||||||| |||| 00| 0 eng d
024 _a7210
037 _cTextual
040 _aSDCL
_cSDCL
_beng
041 _2eng
_aeng
082 _aO-,2M56'N14<N18:g, L1
100 _aWeintraub Stanley
_9494385
245 0 _aBernard Shaw 1914-1918
_b Journey to heartbreak.
260 _c1971
942 _hO-,2M56'N14<N18:g, L1
_cTEXL
_2CC
999 _c810301
_d810301